000 00587nam a22001697a 4500
005 20260228161700.0
010 _aBACEN26
020 _a9788190817530
_c499.00
037 _bVrinda
082 _a910
100 _aBarnwal, mahesh kumar
_987868
245 _aWorld Geography:
_cby Mahesh Kumar Barnwal
_bthe gist of NCERT VIth to XIIth useful for all cometitive exams/
260 _aDelhi
_bCosmos Publicaion
_c2025
270 _aB-3,37-39, Ansal building, comn, complex, Dr. mukherjee nagar
_bDelhi
_e110009
300 _avp.
_c27cm(bpk)
942 _2ddc
_cEN
_mBAR
_h910
999 _c215018
_d215018